000 01244naa a2200289 c 4500
001 46503
003 ES-MaCES
005 20150930122705.0
008 150930s2015 sp ||||| t||||||| ||spa d
040 _aES-MaCES
_bspa
_cES-MaCES
_dES-MaCES
100 1 _923908
_aSerrano Argüeso, Mariola
245 1 0 _aPoder de dirección y liderazgo empresarial femenino como vía para la consecución de la corresponsabilidad en la empresa
_b= Women's company management and leadership as a way for obtaining the co-responsability in the companies
_cMariola Serrano Argüeso
500 _aResumen
504 _aBibliografía: p. 183-185
650 4 _928192
_aalta dirección
650 4 _927293
_aliderazgo
650 4 _928178
_aempresa
650 4 _930146
_aresponsabilidad del empleador
650 4 _928657
_amujeres
650 4 _929565
_atrabajadora madre de familia
650 4 _930598
_aresponsabilidades familiares
650 4 _927303
_aconciliación
653 1 0 _aMujer
773 0 _983458
_dMadrid (Ignacio Ellacuría, 3, 28017) Civitas
_o086358
_tNueva revista española de Derecho del trabajo
_w(ES-MaCES)25060
_gn. 177 (jun. 2015) {10040 R. 086358} ;p. 163-185
902 _aART Artículo de revista
942 _2CES
_cAR
_h3.3.
999 _c46503
_d46503